000 01365cam a22003855i 4500
001 018313058
003 EG-ScBUE
005 20240229092726.0
008 170412t2017 enka f b 001 0beng d
020 _a9781443898645 (v. 1)
020 _a1443898643 (v. 1)
020 _a9781443879651 (v. 2)
020 _a1443879657 (v. 2)
020 _a9781443895767 (v. 3)
020 _a1443895768 (v. 3)
040 _aStDuBDS
_beng
_erda
_cStDuBDS
_dEG-ScBUE
082 0 4 _a937.07092
_bARR
_222
100 1 _aArrizabalaga y Prado, Leonardo de,
_d1946-
_eauthor.
245 1 0 _aVarian studies /
_cby Leonardo de Arrizabalaga y Prado, Raúl de la Fuente Marcos.
264 1 _aNewcastle upon Tyne, UK :
_bCambridge Scholars Publishing,
_c[2017]
264 4 _cc2017
300 _a3 volumes :
_billustrations ;
_c21 cm
336 _2rdacontent
_atext
_btxt
337 _aunmediated
_2rdamedia
_bn
338 _avolume
_bnc
_2rdacarrier
504 _aIncludes bibliographical references and index.
505 0 _aVolume 1. Varius -- Volume 2. Elagabal -- Volume 3. A varian symposium.
600 0 7 _aElagabalus,
_cEmperor of Rome,
_d204-222.
_2BUEsh
650 _2BUEsh
651 7 _aRome
_xHistory
_yElagabalus, 218-222.
_2BUEsh
651 7 _aRome
_xKings and rulers
_xHistory.
_2BUEsh
653 _bGGEN
_cDecember2017
655 _vReading book
_934232
942 _2ddc
_cBB
999 _c25706
_d25678